| 000 | 00374nam a2200145Ia 4500 | ||
|---|---|---|---|
| 008 | 210210b1982 xxu||||| |||| 00| 0 eng d | ||
| 082 | _a796.48 SINC | ||
| 100 | _aSINGH (Ram Pal). | ||
| 245 | _aComplete book of Asian games. | ||
| 260 |
_aDelhi _bOrient Paperbacks _c1982 |
||
| 300 | _a156 | ||
| 650 | _aAsian games | ||
| 690 | _aAthletic & Outdoor Sports | ||
| 906 | _a036113 | ||
| 999 |
_c86626 _d86626 |
||